00604nam a2200169Ia 4500008004100000020001800041082001400059100001700073245003200090260005100122300003500173490002800208600002100236942000700257952015300264999001700417250611s9999 xx 000 0 und d a9780003701449 a428.6 AMB aAmbler, Eric 4aThe Dark Fronties:bLevel 6 aGreat Britain:bCollins English Library,c1982 a109p.b:includes illustrations aCollins English Library aEnglish Language cGB 00104070aUITUbUITUcGIFd2025-06-11eGifted by Mr. Anzar Alaml0o428.6 AMBpG294r2025-06-11 11:30:45w2025-06-11yGBzGifted by Mr. Anzar Alam c31461d31461